000 00463nam a2200157 4500
001 109011
003 ES-MaACL
005 20230906184747.0
007 t|
008 061121s1930 po r ||||1| por d
100 1 _aMoya, Salvador de.
_983962
245 1 0 _aLembrete para os oficiais encarregados de reconhecimentos /
_cSalvador de Moya.
260 _aSâo Paulo :
_b[s.n],
_c1930 (
_fTip. da Força Pública)
300 _a12 p.
852 _aES-MaACL
_j1818-F-28
999 _c109011
_d109011